La pequeña niña grande /

Guardado en:
Autor Principal: Orlev, Uri
Otros Autores: Gleich, Jacky; il., Vivas Hurtado, Selnich; trad.
Formato: Libro
Publicado: Buenos Aires : Norma, 2013
Series:Buenas Noches
Materias:
Etiquetas: Agregar Etiqueta
Sin Etiquetas, Sea el primero en etiquetar este registro!
LEADER 00897nam a22002655a 4500
001 CEM.cems015333
005 20191119155510.0
008 130507s2013##################000#0#####d
003 CEMS
020 |a 9789875456174 
082 0 4 |a 891.85 
100 1 |a Orlev, Uri 
245 1 0 |a La pequeña niña grande /  |c Uri Orlev ; ilustrado Por Jacky Gleich ; traducido Por Selnich Vivas Hurtado 
260 |a Buenos Aires :  |b Norma,  |c 2013 
300 |a 32 p. 
490 0 |a Buenas Noches 
500 |a Versión alemana de Mirjam Presslertítulo original : Das kleine grobe mädchen 
653 |a Literatura 
653 |a Literatura polaca 
653 |a Literatura infantil 
653 |a Cuentos infantiles 
653 |a Colección ciencias de la educación 
700 1 |a Gleich, Jacky; il. 
700 1 |a Vivas Hurtado, Selnich; trad. 
859 |a CEMS  |b BIB. CEMS - Ccias. Educacion  |h 891.85  |i Ur54  |k CE  |p 28590.19  |t Ej.1